BIBLIOTECA

SENCICO

Análisis Estructural (Registro nro. 1093)

Detalles MARC
000 -LEADER
fixed length control field 00856nam a2200253Ia 4500
005 - DATE AND TIME OF LATEST TRANSACTION
control field 20251020182459.0
008 - FIXED-LENGTH DATA ELEMENTS--GENERAL INFORMATION
fixed length control field 200515s9999 xx 000 0 und d
020 ## - INTERNATIONAL STANDARD BOOK NUMBER
International Standard Book Number 978-607-32-1062-1
082 ## - DEWEY DECIMAL CLASSIFICATION NUMBER
Classification number 624.267/H50/2012
100 ## - MAIN ENTRY--PERSONAL NAME
Personal name Hibbeler, Russell C.
245 #0 - TITLE STATEMENT
Title Análisis Estructural
250 ## - EDITION STATEMENT
Edition statement 8a ed.
260 ## - PUBLICATION, DISTRIBUTION, ETC.
Place of publication, distribution, etc. México, D.F.
260 ## - PUBLICATION, DISTRIBUTION, ETC.
Name of publisher, distributor, etc. PEARSON EDUCACIÓN
260 ## - PUBLICATION, DISTRIBUTION, ETC.
Date of publication, distribution, etc. 2012
300 ## - PHYSICAL DESCRIPTION
Extent 695 p.
300 ## - PHYSICAL DESCRIPTION
Other physical details il., tbl., graf.
500 ## - GENERAL NOTE
General note 1 ejemplar
520 ## - SUMMARY, ETC.
Summary, etc. Proporciona al estudiante una presentación clara y amplia de la teoría y aplicación del análisis estructural, tal comos se emplea en armaduras, vigas y marcos. Se pone énfasis en desarrollar la habilidad del estudiante para modelar y analizar una estructu
650 ## - SUBJECT ADDED ENTRY--TOPICAL TERM
Topical term or geographic name entry element ANALISIS DE ESTRUCTURAS
650 ## - SUBJECT ADDED ENTRY--TOPICAL TERM
Topical term or geographic name entry element ESTRUCTURAS
942 ## - ADDED ENTRY ELEMENTS (KOHA)
Koha item type Libros
Existencias
Fecha de la última vez que lo usaron Pago total Signatura topográfica completa Código de barras Precio efectivo desde Tipo de documento Estado perdido Estado dañado No es para préstamo Retirado Ubicación permanente Ubicación actual Fecha de adquisición
15/05/2020   624.267/H50/2012 Bib-Lima15051093 15/05/2020 Libros         Biblioteca Central Lima Biblioteca Central Lima 15/05/2020